Normal view
MARC view
Entry Personal Name
001 - CONTROL NUMBER
- control field: 38052
003 - CONTROL NUMBER IDENTIFIER
- control field: OSt
005 - DATE AND TIME OF LATEST TRANSACTION
- control field: 20160212164320.0
008 - FIXED-LENGTH DATA ELEMENTS
- fixed length control field: 160212|| aca||aabn | a|a d
040 ## - CATALOGING SOURCE
- Original cataloging agency: OSt
- Transcribing agency: OSt
100 ## - HEADING--PERSONAL NAME
- Personal name: लाल डॉ. लक्ष्मीनारायण
670 ## - SOURCE DATA FOUND
- Source citation: Work cat.: (OSt)27315: लाल डॉ. लक्ष्मीनारायण , निर्मूल वृक्ष का फल , 1978









